| 000 | 00000nam 2200000za 4500 |
| 001 | 9.804390 |
| 003 | CaOODSP |
| 005 | 20221107135415 |
| 007 | cr ||||||||||| |
| 008 | 160422t20142015qucd o f000 0 eng d |
| 020 | |a978-0-660-03532-1 |
| 040 | |aCaOODSP|beng |
| 043 | |an-cn--- |
| 086 | 1 |aR62-459/2015E-PDF |
| 245 | 00|aEvaluation of the twinning of the Trans-Canada Highway in Banff National Park |h[electronic resource] : |bfinal - July 2015 / |cOffice of Internal Audit and Evaluation. |
| 246 | 37|aEvaluation of the twinning of the TCH |
| 260 | |aGatineau, Quebec : |bParks Canada, |c2015. |
| 300 | |a19 p. : |bill. |
| 500 | |aIssued also in French under title: Évaluation de l’élargissement à quatre voies de l’autoroute transcanadienne dans le parc national de Banff : final - juillet 2015. |
| 500 | |a“Report submitted to the Parks Canada Evaluation Committee: July 7, 2015. Approved by the Agency CEO: July 29, 2015.” |
| 692 | 07|2gccst|aNational parks |
| 692 | 07|2gccst|aRoad networks |
| 692 | 07|2gccst|aConstruction |
| 692 | 07|2gccst|aEnvironmental impact assessment |
| 710 | 2 |aParks Canada. |
| 775 | 08|tÉvaluation de l'élargissement à quatre voies de l'autoroute transcanadienne dans le parc national de Banff |w(CaOODSP)9.804393 |
| 856 | 40|qPDF|s842 KB|uhttps://publications.gc.ca/collections/collection_2016/pc/R62-459-2015-eng.pdf |